Essentials of maternity nursing / (Record no. 7988)
[ view plain ]
| 000 -LEADER | |
|---|---|
| fixed length control field | 00572pam a2200193 a 4500 |
| 020 ## - INTERNATIONAL STANDARD BOOK NUMBER | |
| ISBN | 0801602335 |
| 050 00 - CALL NUMBER | |
| Classification number | RG951 |
| Item number | .B63 |
| 100 1# - AUTHOR | |
| Personal name | Bobak, Irene M. |
| 245 10 - TITLE | |
| Title | Essentials of maternity nursing / |
| Statement of responsibility, etc | Irene M. Bobak, Margaret Duncan Jensen. |
| 250 ## - EDITION | |
| Edition statement | 3rd ed. |
| 260 ## - PUBLICATION INFORMATION | |
| Place of publication | St. Louis : |
| Name of publisher | Mosby-Year Book, |
| Year of publication | c1991. |
| 300 ## - DESCRIPTION | |
| Number of Pages | xxix, 989 p. : |
| Other physical details | ill. ; |
| Dimensions | 29 cm. |
| 500 ## - NOTES | |
| General note | Includes index. |
| 650 #0 - SUBJECTS | |
| Topical Term | Maternity nursing. |
| 650 #2 - SUBJECTS | |
| Topical Term | Obstetrical Nursing. |
| 650 #2 - SUBJECTS | |
| Topical Term | Perinatology |
| General subdivision | nursesʾ instruction. |
| 700 1# - OTHER AUTHORS | |
| Personal name | Jensen, Margaret Duncan, |
| 942 ## - ADDED ENTRY ELEMENTS (KOHA) | |
| Koha item type | Books |
| Withdrawn status | Lost status | Home library | Current library | Date acquired | Full call number | Accession Number | Koha item type |
|---|---|---|---|---|---|---|---|
| Methodist University Library Wenchi Nursing | Methodist University Library Wenchi Nursing | 21/10/2021 | RG951 .B63 | 1874 | Books |